| LEADER 00000nam 2200000uu 4500 |
| 001 211754 |
| 003 ULIBM |
| 008 020711s2559 th a 000 0 tha d |
| 041 ^atha^beng
|
| 060 4 WA540.JT3 ร244ก 2559
|
| 100 ระพีพงศ์ สุพรรณไชยมาตย์
|
| 245 การตอบสนองของนโยบายและผลลัพธ์ของบัตรประกันสุขภาพคนต่างด้าวและผู้ติดตามในประเทศ/^cระพีพงศ์ สุพรรณไชยมาตย์, วีระศักดิ์ พุทธาศรี, คนางค์ คันธมธุรพจน์
|
| 246 31 ^aResponses in implementation and outcom eveluation of Health Insurance Card for cross policy for cross-border migrants and their dependants in Thailand
|
| 260 นนทบุรี :^bสำนักงานพัฒนานโยบายสุขภาพระหว่างประเทศ กระทรวงสาธารณสุข,^c2559
|
| 300 169 หน้า :^bภาพประกอบ ;^c24 ซม.
|
| 650 4 บัตรประกันสุขภาพคนต่างด้าว
|
| 650 4 ^aคนต่างด้าว^xสุขภาพและอนามัย
|
| 650 4 ^aวิจัย
|
| 700 0 ^aวีระศักดิ์ พุทธาศรี
|
| 700 0 ^aคนางค์ คันธมธุรพจน์
|
| 710 2 ^aกระทรวงสาธารณสุข. สำนักงานพัฒนานโยบายสุขภาพระหว่างประเทศ
|
| 999 ^aใช้งานได้ทุกระบบ
|